000 01129nam a2200229Ia 4500
999 _c39059
_d39059
001 5600
003 GE_BSU
005 20190528162503.0
008 181216s1985||||ge |||||||||||||| ||geo||
040 _cGE_BSU
041 _ageo
080 _a697.1/8(075) ბ-79
100 _aბოგუსლავსკი, ლ.
_91739
245 _aთბოაირმომარაგებისა და ვენტილაციის ეკონომიკა :
_bსახელმძღვ. /
_cლ. ბოგუსლავსკი ; მთარგმნ. რ.ხუნწარია ; რედ. ი.გოგუაძე.
264 _aთბილისი :
_bგანათლება,
_c1985.
300 _a342 გვ.;
_c22 სმ.
504 _aბიბლიოგრ. : გვ.338.
653 _aთბოაირმომარაგებისა და ვენტილაციის ეკონომიკა.
700 _aხუნწარია, რ.
_eმთარგმნელი
_91740
700 _aგოგუაძე, ი.
_eრედაქტორი
_91741
942 _cBK
_2udc